Manual práctico de medios audiovisuales
שמור ב:
| מחבר ראשי: | |
|---|---|
| פורמט: | ספר |
| שפה: | ספרדית |
| יצא לאור: |
Buenos Aires
Kapeluz
1970
|
| סדרה: | Colección de Pedagogía Práctica
|
| נושאים: | |
| תגים: |
הוספת תג
אין תגיות, היה/י הראשונ/ה לתייג את הרשומה!
|
MARC
| LEADER | 00000nam a2200000 a 4500 | ||
|---|---|---|---|
| 001 | UCW7795 | ||
| 003 | CL-VaPUC | ||
| 008 | 930903e19700000AG |||||||||||||||||spa|d | ||
| 082 | 0 | 4 | |a 371.335 |b SCU |2 21 |
| 100 | 0 | |a Scuorzo, Herbert E |e author |9 313015 | |
| 245 | 1 | 0 | |a Manual práctico de medios audiovisuales |
| 300 | |a 259 p | ||
| 942 | |c BK | ||
| 945 | |d 19930903 00:00:00 | ||
| 260 | |a Buenos Aires |b Kapeluz |c 1970 | ||
| 650 | 7 | |a MATERIAL AUDIOVISUAL |2 CL-VaPUC |9 308466 | |
| 650 | 0 | |a Enseñanza audiovisual |9 268091 | |
| 583 | |a last modification |c 19930903 00:00:00 |k Rodrigo Vera | ||
| 490 | 0 | |a Colección de Pedagogía Práctica | |
| 999 | |c 220456 |d 220454 | ||
| 952 | |0 0 |1 0 |4 0 |6 371_335000000000000_SCU_1970 |7 0 |8 P |9 212682 |a BIBEDU |b BIBEDU |c BIBEDU_PB |d 2019-11-15 |i 2808579 |o 371.335 SCU 1970 |p 2808579 |r 2024-01-25 |w 2019-11-15 |y BK |k EDU | ||
| 952 | |0 0 |1 0 |4 0 |6 371_335000000000000_SCU_1970 |7 0 |8 P |9 212683 |a BIBEDU |b BIBEDU |c BIBEDU_PB |d 2019-11-15 |i 2808587 |o 371.335 SCU 1970 |p 2808587 |r 2024-01-25 |w 2019-11-15 |y BK |k EDU | ||
| 952 | |0 0 |1 0 |4 0 |6 371_335000000000000_SCU_1970 |7 0 |8 P |9 212684 |a BIBEDU |b BIBEDU |c BIBEDU_PB |d 2019-11-15 |i 2808595 |o 371.335 SCU 1970 |p 2808595 |r 2024-01-25 |w 2019-11-15 |y BK |k EDU | ||